[Event "Cascais"]
[Site "http://www.queenalice.com/game.php?id=1869358"]
[Date "2026.2.17"]
[Round "-"]
[White "dimitridruloza2012"]
[Black "Sph4444"]
[Result "0-1"]
[WhiteElo "1755"]
[BlackElo "2008"]

1. g3 e5 2. Bg2 c6 3. b3 d5 4. Bb2 Bd6 5. e3 Nf6 6. Nf3 Qe7 7. Nc3 O-O 8. Nh4 g6
9. Qe2 Bf5 10. Nxf5 gxf5 11. h4 h5 12. O-O-O e4 13. Kb1 Kh7 14. Na4 b5 15. Nc3
a6 16. Bh3 Ng4 17. f3 exf3 18. Qxf3 Qe6 19. Ne2 Qg6 20. Nd4 Be5 21. Nxf5 Bxb2
22. Kxb2 Qf6+ 23. Kb1 Rg8 24. Rdf1 Nd7 25. Qf4 Rg6 26. Qc7 Nde5 27. d4 Qd8 28.
Qb7 Nd7 29. Bxg4 Rxg4 30. Qxc6 Nf6 31. Rf4 Rg6 32. Ne7 Qxe7 33. Qxa8 Rxg3 34.
Qxa6 Ne4 35. Qxb5 Nc3+ 36. Kb2 Nxb5 37. Rhf1 Nd6 38. a4 Kg8 39. a5 Qxe3 40. a6
Qc3+ 41. Kb1 Qa5 42. Rf6 Qxa6 43. Kb2 Rg6 44. R6f2 Rg4 45. Rf6 Rxh4 46. Rg1+ Rg4
47. Rgf1 Qb6 48. Kb1 Rxd4 49. Kb2 Kg7 50. R1f5 h4 51. Rf3 h3 52. Rf2 h2 53. c3
Rh4 54. b4 h1=Q 0-1

[Event "Albufeira"]
[Site "http://www.queenalice.com/game.php?id=1869359"]
[Date "2026.2.17"]
[Round "-"]
[White "Sph4444"]
[Black "dimitridruloza2012"]
[Result "1-0"]
[WhiteElo "1999"]
[BlackElo "1762"]

1. e4 b6 2. d4 Bb7 3. d5 g6 4. c4 Bg7 5. Nf3 Nf6 6. Bd3 Na6 7. O-O Nh5 8. Qb3
Nc5 9. Qc2 e6 10. Nc3 h6 11. Be3 Na6 12. a3 c6 13. b4 Nc7 14. d6 Na6 15. c5 Qf6
16. Bd4 Qd8 17. Bxg7 Nxg7 18. Ne2 b5 19. e5 Nf5 20. Ng3 Nxg3 21. fxg3 g5 22. g4
h5 23. h3 hxg4 24. hxg4 Rh6 25. Qf2 f6 26. Nh2 Kf7 27. exf6 Qh8 28. Qg3 Rg8 29.
Rf3 Rxf6 30. Rxf6+ Ke8 31. Raf1 Kd8 32. Qf2 Nc7 33. dxc7+ Kxc7 34. Qg3+ Kc8 35.
Qd6 Rd8 36. Rf8 Qd4+ 37. Qxd4 1-0

[Event "Challenge"]
[Site "http://www.queenalice.com/game.php?id=1869594"]
[Date "2026.2.22"]
[Round "-"]
[White "jogo"]
[Black "dimitridruloza2012"]
[Result "0-1"]
[WhiteElo "1431"]
[BlackElo "1751"]

1. e4 b6 2. d4 Bb7 3. Bd3 g6 4. Be3 Bg7 5. Nc3 Nc6 6. Nge2 Nf6 7. a3 a5 8. e5
Nh5 9. Qd2 e6 10. g4 Nxe5 11. Be4 Bxe4 12. Nxe4 Nf3+ 13. Kd1 Nxd2 14. Bxd2 Nf6
15. Bg5 h6 16. Nxf6+ Bxf6 17. Bxf6 Qxf6 18. f4 Qh4 0-1

[Event "Challenge"]
[Site "http://www.queenalice.com/game.php?id=1869595"]
[Date "2026.2.22"]
[Round "-"]
[White "dimitridruloza2012"]
[Black "jogo"]
[Result "1-0"]
[WhiteElo "1754"]
[BlackElo "1428"]

1. g3 e5 2. Bg2 d5 3. b3 Nf6 4. Bb2 Bd6 5. Nf3 e4 6. Nh4 g5 7. e3 O-O 8. Qe2
gxh4 9. gxh4 Bg4 10. f3 exf3 11. Bxf3 Bxf3 12. Qxf3 Nbd7 13. h5 Ne5 14. Qh3 Qc8
15. Qf1 Nfg4 16. Nc3 c6 17. O-O-O Qe6 18. Qe2 b5 19. Nb1 Qf5 20. Bxe5 Bxe5 21.
Rhg1 Qf6 22. Rxg4+ Kh8 23. d4 Bd6 24. Rf1 Qe7 25. Rfg1 Rg8 26. Qg2 Rxg4 27. Qxg4
Qxe3+ 28. Kb2 Qh6 29. Qd7 Qe6 30. Qb7 Rb8 31. Qxa7 1-0

[Event "AUTO-ADV-4935"]
[Site "http://www.queenalice.com/game.php?id=1873154"]
[Date "2026.5.8"]
[Round "1"]
[White "Quanah4"]
[Black "dimitridruloza2012"]
[Result "0-1"]
[WhiteElo "1819"]
[BlackElo "1785"]

1. c4 b6 2. e3 Bb7 3. Nc3 g6 4. d4 Bg7 5. Be2 Bxg2 6. Nf3 Bxh1 7. b3 Bxf3 8.
Bxf3 c6 9. Bb2 Qc7 10. Qc2 Qxh2 11. O-O-O Nf6 12. e4 Qh3 13. Qe2 O-O 14. e5 Ne8
15. Bg4 Qh2 16. Qf3 Qh4 17. Rh1 Qg5+ 18. Kb1 e6 19. Ne4 Qe7 20. Rd1 a5 21. a4
Na6 22. d5 cxd5 23. cxd5 Nec7 24. d6 Qd8 25. dxc7 Nxc7 26. Qd3 Nd5 27. Bf3 Nb4
28. Qb5 Rb8 29. Nd6 Qc7 30. Rc1 Qd8 31. Bg2 Qg5 32. Be4 Qd2 33. Nc4 Qxf2 34. Rd1
d5 35. exd6 Rbc8 36. Qxb6 Qe2 37. Bxg7 Qxd1+ 38. Kb2 Qe2+ 39. Kc1 Qxe4 40. Bxf8
Qc2# 0-1

[Event "AUTO-ADV-4936"]
[Site "http://www.queenalice.com/game.php?id=1873360"]
[Date "2026.5.13"]
[Round "1"]
[White "askasl159"]
[Black "dimitridruloza2012"]
[Result "1-0"]
[WhiteElo "1834"]
[BlackElo "1774"]

1. e4 b6 2. d4 Bb7 3. Nc3 g6 4. Nf3 Bg7 5. Bc4 Nf6 6. e5 Ng4 7. h3 Nh6 8. Bxh6
Bxh6 9. O-O Nc6 10. d5 Nb8 11. d6 e6 12. dxc7 Qxc7 13. Qd3 Bg7 14. Nb5 Qc6 15.
Qd6 Qxc4 16. Nc7+ Kd8 17. Nxa8 Bxa8 18. Qxb8+ Ke7 19. Qxa7 Qc6 20. Qa3+ Ke8 21.
Qd6 Qb7 22. Rfd1 Bxe5 23. Qb4 Qc6 24. Rd2 d6 25. Rad1 Kf8 26. Rxd6 Bxd6 27. Rxd6
Qc5 28. Qd2 Bd5 29. Rd8+ Kg7 30. Rxh8 Kxh8 31. Ne5 Kg7 32. Nd7 Qc7 33. Qd4+ Kg8
34. Nf6+ Kf8 35. Qb4+ Qc5 36. Nd7+ Ke7 37. Nxc5 bxc5 38. Qxc5+ Kf6 39. c4 Ba8
40. Qd4+ Ke7 41. Qa7+ Kf6 42. Qxa8 h5 43. c5 Ke7 44. c6 Kd6 45. Qc8 Kc5 46. c7
f5 47. Qxe6 g5 48. c8=Q+ Kd4 49. Qcc4# 1-0

[Event "AUTO-ADV-4936"]
[Site "http://www.queenalice.com/game.php?id=1873361"]
[Date "2026.5.13"]
[Round "1"]
[White "dimitridruloza2012"]
[Black "askasl159"]
[Result "0-1"]
[WhiteElo "1760"]
[BlackElo "1848"]

1. g3 e5 2. Bg2 Nf6 3. b3 d5 4. Bb2 Nc6 5. Nf3 e4 6. Nh4 Bd6 7. Nc3 O-O 8. h3
Be5 9. Na4 Bxb2 10. Nxb2 Ne5 11. Bf1 d4 12. d3 e3 13. fxe3 dxe3 14. Qc1 Nd5 15.
Bg2 g5 16. Nf3 Re8 17. Nxg5 Qxg5 18. Bxd5 Nf3+ 19. exf3 Qxd5 20. Ke2 Re7 21. Nc4
b5 22. Na3 Bb7 23. Rf1 b4 24. Nc4 Rae8 25. a3 bxa3 26. Rxa3 Re6 27. Rxa7 Ra6 28.
Rxa6 Bxa6 29. Nxe3 Qe5 30. Kf2 f5 31. Re1 f4 32. Ng4 fxg3+ 33. Kf1 g2+ 34. Kf2
g1=Q+ 35. Rxg1 Qc5+ 36. Kf1 Bxd3+ 37. Kg2 Re2+ 38. Kh1 Bg6 39. Qd1 Rxc2 40. Qd8+
Qf8 41. Qd5+ Kg7 42. Ne5 Qf5 43. Rg4 Rc1+ 44. Kg2 Qc2+ 45. Kg3 Rg1+ 46. Kf4 Qc1+
47. Qd2 Qxd2# 0-1

[Event "AUTO-ADV-4936"]
[Site "http://www.queenalice.com/game.php?id=1873378"]
[Date "2026.5.13"]
[Round "1"]
[White "altair"]
[Black "dimitridruloza2012"]
[Result "1-0"]
[WhiteElo "1810"]
[BlackElo "1778"]

1. e4 b6 2. d4 Bb7 3. Nc3 g6 4. Nf3 Bg7 5. Be3 Nf6 6. h3 h5 7. e5 Nd5 8. Qd2
Nxc3 9. Qxc3 Nc6 10. Bd3 Na5 11. O-O e6 12. Ng5 Bh6 13. f4 d6 14. b4 Nc6 15. Be4
d5 16. Bd3 Qe7 17. a3 a6 18. b5 Na5 19. a4 Bc8 20. Qe1 Bxg5 21. fxg5 Bd7 22. h4
axb5 23. axb5 O-O 24. Bd2 Qd8 25. Qf2 Qe7 26. Qe1 Kg7 27. Bb4 Qe8 28. Bxf8+ Qxf8
29. Qe2 Qb4 30. Qf2 Rf8 31. Qf6+ Kg8 32. Rf4 Bxb5 33. Bxg6 fxg6 34. Qxg6+ Kh8
35. Qxh5+ Kg8 36. Qg6+ Kh8 37. Qh6+ Kg8 38. Qxe6+ Kh8 39. Rxf8+ Qxf8 40. Qxd5
Ba6 41. e6 Kh7 42. Qd7+ Kg8 43. g6 Bb7 44. Qh7# 1-0

[Event "AUTO-ADV-4936"]
[Site "http://www.queenalice.com/game.php?id=1873379"]
[Date "2026.5.13"]
[Round "1"]
[White "dimitridruloza2012"]
[Black "altair"]
[Result "0-1"]
[WhiteElo "1782"]
[BlackElo "1813"]

1. g3 e5 2. Bg2 d6 3. b3 Nf6 4. Bb2 Be7 5. Nc3 a6 6. a4 O-O 7. h3 Nc6 8. e3 d5
9. Nf3 h6 10. Nh4 Be6 11. Qe2 Nd7 12. Bxd5 Bxd5 13. Nxd5 Nc5 14. Qf3 e4 15. Qg4
f6 16. Nf5 Ne6 17. Nxh6+ Kh8 18. Nxe7 Nxe7 19. Qxe6 gxh6 20. Bxf6+ Rxf6 21.
Qxf6+ Kh7 22. Qe5 Ng6 23. Qxe4 c6 24. c4 Qf6 25. d4 Rf8 26. O-O Rf7 27. c5 Kh8
28. Kh2 Re7 29. Qd3 Nf8 30. a5 Nh7 31. b4 Qe6 32. Rab1 Ng5 33. g4 Nf3+ 34. Kh1
Qd5 35. e4 Qxe4 36. Qxe4 Rxe4 37. Rb3 Nd2 38. Rbb1 Nxb1 39. Rxb1 Rxd4 40. Kg2
Kg7 41. Kg3 Kg6 42. h4 h5 43. f3 hxg4 44. f4 Kf5 45. h5 Rxf4 46. h6 Rf3+ 47. Kg2
Rh3 48. Rh1 Rxh1 49. Kxh1 Kg6 50. Kg2 Kxh6 51. Kh2 Kh5 52. Kg3 Kg5 53. Kg2 Kf4
54. Kf2 g3+ 55. Ke2 Kg4 56. Ke3 Kh3 57. Ke2 g2 58. b5 g1=Q 59. bxc6 bxc6 60. Kd3
Qxc5 61. Kd2 Qd4+ 62. Kc2 c5 63. Kc1 c4 64. Kc2 Qd3+ 65. Kb2 Qb3+ 66. Ka1 Qb4
67. Ka2 c3 68. Ka1 Qb2# 0-1

[Event "AUTO-ADV-4937"]
[Site "http://www.queenalice.com/game.php?id=1873692"]
[Date "2026.5.21"]
[Round "1"]
[White "Tonto"]
[Black "dimitridruloza2012"]
[Result "0-1"]
[WhiteElo "1997"]
[BlackElo "1763"]

1. e4 b6 2. d4 Bb7 3. d5 g6 4. Be2 Bg7 5. c3 Nf6 6. Bf3 d6 7. Ne2 Na6 8. Be3 Qd7
9. O-O h5 10. a3 Nc5 11. Bxc5 dxc5 12. c4 Nxe4 13. Bxe4 Bxb2 14. Ra2 Be5 15. Nd2
Qg4 16. Bf3 Qf5 17. Ne4 O-O-O 18. N2g3 Qf4 19. Re1 h4 20. Bg4+ f5 21. Bh3 hxg3
22. hxg3 Qh6 23. Qf3 Kb8 24. Ng5 Qg7 25. Ne6 Qf6 26. Nxd8 Rxd8 27. Qe3 Bd6 28.
Qe6 Qc3 29. Qe2 Rh8 30. a4 f4 31. Raa1 Bc8 32. Bxc8 Kxc8 33. Qg4+ Kb7 34. Qxg6
fxg3 35. Red1 gxf2+ 36. Kxf2 Rf8+ 37. Ke2 Qxc4+ 38. Qd3 Qg4+ 39. Kd2 Qxg2+ 40.
Kc1 Rf2 41. a5 Bf4+ 42. Rd2 Bxd2+ 43. Kc2 Bxa5+ 44. Kb3 Rf3 0-1

[Event "AUTO-ADV-4937"]
[Site "http://www.queenalice.com/game.php?id=1873693"]
[Date "2026.5.21"]
[Round "1"]
[White "dimitridruloza2012"]
[Black "Tonto"]
[Result "0-1"]
[WhiteElo "1788"]
[BlackElo "1972"]

1. g3 e5 2. Bg2 d5 3. b3 Nf6 4. Bb2 d4 5. d3 Be7 6. Nd2 Bf5 7. Bxb7 Nbd7 8. Bxa8
Qxa8 9. f3 h5 10. h4 Nd5 11. Nc4 c5 12. Qd2 N7b6 13. Nxe5 Qb8 14. f4 Ne3 15. Rh2
Nbd5 16. a3 O-O 17. Ngf3 Qc7 18. Nxd4 cxd4 19. c4 dxc3 20. Bxc3 Qxc3 21. Qxc3
Nxc3 22. Rc1 Nb5 23. a4 Nd4 24. Rc7 Bb4+ 25. Kf2 Ndc2 26. Rxa7 Bc5 27. Ra5 Ng4+
28. Kg2 Nce3+ 29. Kh1 Nxh2 30. Kxh2 Rc8 31. g4 Nxg4+ 32. Kg3 Bf2+ 33. Kg2 Bxh4
34. Kf3 Nxe5+ 35. Rxe5 Bg4+ 36. Ke3 f6 37. Re7 Rc2 38. a5 Rxe2+ 39. Kd4 Rxe7 40.
b4 Bf2+ 41. Kc4 h4 42. a6 h3 43. b5 h2 44. b6 Bxb6 0-1

[Event "AUTO-ADV-4937"]
[Site "http://www.queenalice.com/game.php?id=1873704"]
[Date "2026.5.21"]
[Round "1"]
[White "Carlos19"]
[Black "dimitridruloza2012"]
[Result "0-1"]
[WhiteElo "1586"]
[BlackElo "1769"]

1. e4 b6 2. Bc4 Bb7 3. Nc3 g6 4. d3 Bg7 5. Qf3 Nf6 6. g4 e6 7. g5 Nh5 8. Nh3 Qe7
9. d4 Bxd4 10. O-O Be5 11. Nb5 a6 12. Nc3 Nc6 13. a3 Na5 14. Be2 O-O-O 15. Bd2
Nc6 16. b4 Nd4 17. Qe3 Nxc2 18. Qf3 Nd4 19. Qd3 Qd6 20. Bxh5 Bxh2+ 21. Kh1 gxh5
22. f4 e5 23. f5 Bf4 24. Nxf4 exf4 25. Bxf4 Qe7 26. Qxd4 Rhg8 27. f6 Qe6 28. Nd5
Kb8 29. Bxc7+ Ka8 30. Bxd8 Qh3+ 31. Kg1 Qg3+ 32. Kh1 Qh4+ 33. Kg2 Rxg5+ 34. Kf3
Rf5+ 35. Ke3 Qh3+ 36. Kd2 Rxf1 37. Rxf1 Qxf1 38. Nxb6+ Kb8 39. Nxd7+ Kc8 40.
Nb6+ Kb8 41. Qd6+ Ka7 42. Qd3 Qg2+ 43. Ke3 Qg1+ 44. Ke2 Qg2+ 45. Ke3 Qg1+ 46.
Kd2 Qg2+ 47. Ke3 Qg3+ 48. Kd4 Qxd3+ 49. Kxd3 h4 50. Nc4 Kb8 51. Nd6 h3 0-1

[Event "AUTO-ADV-4937"]
[Site "http://www.queenalice.com/game.php?id=1873705"]
[Date "2026.5.21"]
[Round "1"]
[White "dimitridruloza2012"]
[Black "Carlos19"]
[Result "1-0"]
[WhiteElo "1757"]
[BlackElo "1647"]

1. g3 e5 2. Bg2 Bc5 3. b3 Nf6 4. Bb2 Ng4 5. e3 d6 6. Nc3 c6 7. h3 Nf6 8. Qe2 b5
9. Nxb5 cxb5 10. Bxa8 a6 11. Qf3 b4 12. h4 Bg4 13. Qg2 e4 14. Bxf6 Qxf6 15.
Qxe4+ Qe6 16. Qg2 Qe5 17. d4 Qf6 18. f3 Bd7 19. O-O-O Bb6 20. Kb1 O-O 21. f4 h5
22. Nh3 Bxh3 23. Qxh3 Qe7 24. g4 hxg4 25. Qxg4 Qxe3 26. Rhg1 g6 27. f5 Bxd4 28.
Rxd4 Qh6 29. fxg6 Qxg6 30. Qd1 Nd7 31. Be4 1-0

[Event "AUTO-ADV-4937"]
[Site "http://www.queenalice.com/game.php?id=1873710"]
[Date "2026.5.21"]
[Round "1"]
[White "o3bor52"]
[Black "dimitridruloza2012"]
[Result "1-0"]
[WhiteElo "1789"]
[BlackElo "1800"]

1. b3 b6 2. Bb2 Bb7 3. f3 g6 4. Bxh8 e6 5. Bb2 Bc5 6. e3 Ba6 7. Bxa6 Nxa6 8. d4
Bd6 9. Ne2 Qg5 10. f4 Qxg2 11. Ng3 Qc6 12. Nd2 Bb4 13. c3 Bxc3 14. Rc1 Bxd2+ 15.
Kxd2 Qd5 16. Bc3 h5 17. e4 Qd6 18. Rf1 Nc5 19. Qc2 O-O-O 20. Ne2 Kb8 21. Ke1 Nb7
22. h3 f5 23. Rd1 Qc6 24. Ng3 Nf6 25. e5 Nd5 26. Rf3 Nb4 27. Qf2 Nc2+ 28. Kd2
Na3 29. Bb2 Nb5 30. Rc1 Qd5 31. a4 Nxd4 32. Bxd4 c5 33. Rd3 cxd4 34. Rc4 Nc5 35.
Qxd4 Qg2+ 36. Kc3 Rc8 37. Qd6+ Ka8 38. Rxc5 Rxc5+ 39. Kb4 Qa2 40. Qf8+ Kb7 41.
Rxd7+ Ka6 42. Qa8 Rb5+ 43. axb5# 1-0

[Event "AUTO-ADV-4937"]
[Site "http://www.queenalice.com/game.php?id=1873711"]
[Date "2026.5.21"]
[Round "1"]
[White "dimitridruloza2012"]
[Black "o3bor52"]
[Result "1-0"]
[WhiteElo "1767"]
[BlackElo "1805"]

1. g3 d5 2. Bg2 Nf6 3. b3 e5 4. Bb2 Bd6 5. Nc3 Be6 6. Nf3 d4 7. Nxd4 Qc8 8. Nf3
Bh3 9. O-O Bxg2 10. Kxg2 O-O 11. Nh4 g6 12. e3 a6 13. Qf3 Ra7 14. Nd5 Nbd7 15.
Nxf6+ Nxf6 16. Qxf6 Qe8 17. Qg5 f6 18. Qg4 Qc6+ 19. e4 Qxc2 20. Bc1 Qc6 21. d3
Qe8 22. Bh6 Rf7 23. Nxg6 hxg6 24. Qxg6+ Kh8 25. Bg7+ Kg8 26. Bxf6+ Kf8 27. Qh6+
1-0